[Event "Asia-ch U20"]
[Site "Jamshedpur"]
[Date "2023.09.11"]
[Round "4"]
[White "Mayank, Chakraborty"]
[Black "Ankit, Ray"]
[Result "1-0"]
[WhiteElo "2329"]
[BlackElo "2058"]
[PlyCount "179"]
[EventDate "2023.09.09"]
[EventType "swiss"]
[EventRounds "9"]
[EventCountry "IND"]
[SourceTitle "EXT 2024"]
[Source "ChessBase"]
[SourceDate "2023.10.10"]
[SourceVersion "1"]
[SourceVersionDate "2023.10.10"]
[SourceQuality "1"]

1. e4 c5 2. c3 e6 3. d4 cxd4 4. cxd4 Nf6 5. e5 Nd5 6. Nf3 Nc6 7. Bc4 Nb6 8. Bd3 d6 9. 0-0 dxe5 10. dxe5 Nb4 11. Bb5+ Bd7 12. Nc3 Bxb5 13. Nxb5 N4d5 14. Bg5 Qd7 15. Qb3 h6 16. Bh4 a6 17. Nc3 Be7 18. Ne4 0-0 19. Bxe7 Qxe7 20. Nd6 Rab8 21. Nd4 Qd7 22. Rad1 Nc8 23. N4f5 exf5 24. Rxd5 Nxd6 25. exd6 Rbc8 26. Qd3 Rc6 27. h4 Rfc8 28. Kh2 Re8 29. Rd1 Re4 30. h5 g6 31. Rd4 Re6 32. Qb3 Rcxd6 33. Qxe6 Qxe6 34. Rxd6 Qe5+ 35. Kg1 gxh5 36. Rb6 Qc7 37. Rbd6 Qc2 38. R6d2 Qe4 39. Rd4 Qc2 40. R4d2 Qe4 41. Rd3 h4 42. a3 a5 43. b3 b5 44. Rf3 Kg7 45. Kh2 Qe5+ 46. Kh3 Qb2 47. a4 bxa4 48. bxa4 Qc2 49. Rd4 Qc5 50. Rxh4 Qe5 51. Re3 Qd5 52. Rg3+ Kh7 53. Rg5 Qd3+ 54. f3 Qb1 55. Kh2 Qe1 56. Rgh5 Qe5+ 57. Kh3 Qe6 58. Kg3 Qe1+ 59. Kf4 Qc1+ 60. Kxf5 Qc2+ 61. Kf6 Qg6+ 62. Ke7 Qe6+ 63. Kf8 Qd6+ 64. Kxf7 Qg6+ 65. Ke7 Qg7+ 66. Kd6 Qf6+ 67. Kc5 Qe7+ 68. Kb5 Qe1 69. Rxh6+ Kg7 70. R6h5 Kg6 71. Ka6 Qc3 72. Rh6+ Kg7 73. Rb6 Qc8+ 74. Ka7 Qc5 75. Re4 Kf7 76. Ka6 Qc8+ 77. Kxa5 Qa8+ 78. Kb4 Qf8+ 79. Kb5 Qa8 80. Re5 Qc8 81. a5 Qd7+ 82. Ka6 Qd3+ 83. Ka7 Qd2 84. g4 Qc3 85. Rf5+ Ke7 86. Rh5 Kf8 87. Rb7 Qe3+ 88. Ka8 Qc3 89. Rh8+ Qxh8 90. Rb8+ 1-0